Today's woman in world religions / (Record no. 126915)
[ view plain ]
| 000 -LEADER | |
|---|---|
| fixed length control field | 01581pam a2200289 a 4500 |
| 001 - CONTROL NUMBER | |
| control field | 2033552 |
| 003 - CONTROL NUMBER IDENTIFIER | |
| control field | ARRUPE |
| 005 - DATE AND TIME OF LATEST TRANSACTION | |
| control field | 20170907112045.0 |
| 008 - FIXED-LENGTH DATA ELEMENTS--GENERAL INFORMATION | |
| fixed length control field | 921120s1994 nyu b s001 0 eng |
| 010 ## - LIBRARY OF CONGRESS CONTROL NUMBER | |
| LC control number | 92040319 |
| 020 ## - INTERNATIONAL STANDARD BOOK NUMBER | |
| International Standard Book Number | 0791416879 (alk. paper) |
| 020 ## - INTERNATIONAL STANDARD BOOK NUMBER | |
| International Standard Book Number | 0791416887 (pbk. : alk. paper) |
| 040 ## - CATALOGING SOURCE | |
| Original cataloging agency | DLC |
| Transcribing agency | DLC |
| Modifying agency | DLC |
| 050 00 - LIBRARY OF CONGRESS CALL NUMBER | |
| Classification number | BL458 |
| Item number | .T63 1994 |
| 082 00 - DEWEY DECIMAL CLASSIFICATION NUMBER | |
| Classification number | 291.1/78344 |
| Edition number | 20 |
| 300 ## - PHYSICAL DESCRIPTION | |
| Dimensions | 24 cm. |
| 245 00 - TITLE STATEMENT | |
| Title | Today's woman in world religions / |
| Statement of responsibility, etc | edited by Arvind Sharma ; introduction by Katherine K. Young. |
| 260 ## - PUBLICATION, DISTRIBUTION, ETC. (IMPRINT) | |
| Place of publication, distribution, etc | Albany : |
| Name of publisher, distributor, etc | State University of New York Press, |
| Date of publication, distribution, etc | c1993. |
| 300 ## - PHYSICAL DESCRIPTION | |
| Extent | xii, 459 p. ; |
| 440 #0 - SERIES STATEMENT/ADDED ENTRY--TITLE | |
| Title | McGill studies in the history of religions |
| 9 (RLIN) | 19004 |
| 504 ## - BIBLIOGRAPHY, ETC. NOTE | |
| Bibliography, etc | Includes bibliographical references (p. [403]-427) and indexes. |
| 505 0# - FORMATTED CONTENTS NOTE | |
| Formatted contents note | Aboriginal women's religion / Diane Bell -- Women in Hinduism / Katherine K. Young -- Women in Buddhism / Nancy Schuster Barnes -- Women, the state, and religion today in the People's Republic of China / Miriam Levering -- Women and Chinese religion in contemporary Taiwan / Barbara Reed -- Today's Jewish women / Denise L. Carmody -- Christianity and women in the modern world / Rosemary R. Ruether -- Women in Islam / Jane I. Smith -- Studying women and religion / Rita M. Gross. |
| 650 #0 - SUBJECT ADDED ENTRY--TOPICAL TERM | |
| Topical term or geographic name as entry element | Women and religion. |
| 9 (RLIN) | 29504 |
| 700 1# - ADDED ENTRY--PERSONAL NAME | |
| Personal name | Sharma, Arvind. |
| 9 (RLIN) | 22541 |
| Relator term | ed. |
| 906 ## - LOCAL DATA ELEMENT F, LDF (RLIN) | |
| a | 7 |
| b | cbc |
| c | orignew |
| d | 1 |
| e | ocip |
| f | 19 |
| g | y-gencatlg |
| 942 ## - ADDED ENTRY ELEMENTS (KOHA) | |
| Source of classification or shelving scheme | Library of Congress Classification |
| Koha item type | Monograph ( Printed materials) |
| Withdrawn status | Lost status | Source of classification or shelving scheme | Damaged status | Not for loan | Collection code | Home library | Current library | Shelving location | Date acquired | Total Checkouts | Full call number | Barcode | Date last seen | Price effective from | Koha item type |
|---|---|---|---|---|---|---|---|---|---|---|---|---|---|---|---|
| Library of Congress Classification | Main Collection | ARRUPE LIBRARY | ARRUPE LIBRARY | Main Collection | 05/09/2017 | BL458 .T63 1993 | 46500027944 | 05/09/2017 | 05/09/2017 | Monograph ( Printed materials) |